000 00424nam a2200193Ia 4500
008 210210b1924 xxu||||| |||| 00| 0 eng d
041 _aeng
082 _a825/924
100 _aWOLFE (H)
245 _aNotes on English verse satire
260 _aLondon
_b-
_c1924
650 _averse
650 _asatire
650 _aon
650 _aNotes
650 _aEnglish
690 _aEnglish Criticism
906 _a015240
999 _c134558
_d134558